Pakistan Economic Survey 2003-04 (Record no. 346859)

000 -LEADER
fixed length control field 00438 a2200169 4500
003 - CONTROL NUMBER IDENTIFIER
control field OSt
005 - DATE AND TIME OF LATEST TRANSACTION
control field 20180116182831.0
008 - FIXED-LENGTH DATA ELEMENTS--GENERAL INFORMATION
fixed length control field 160425b xxu||||| |||| 00| 0 eng d
040 ## - CATALOGING SOURCE
Transcribing agency 0
100 ## - MAIN ENTRY--PERSONAL NAME
Personal name Govt of Pakistan.
110 ## - MAIN ENTRY--CORPORATE NAME
Corporate name or jurisdiction name as entry element Government of Pakistan
245 ## - TITLE STATEMENT
Title Pakistan Economic Survey 2003-04
260 ## - PUBLICATION, DISTRIBUTION, ETC.
Place of publication, distribution, etc. Islamabad
Name of publisher, distributor, etc. Finance Division
Date of publication, distribution, etc. 2004
300 ## - PHYSICAL DESCRIPTION
Extent 132p.
500 ## - GENERAL NOTE
General note Papercover
942 ## - ADDED ENTRY ELEMENTS (KOHA)
Institution code [OBSOLETE] NBS
Koha item type Book
Call number prefix 330.95491 GOV
Source of classification or shelving scheme
Holdings
Withdrawn status Lost status Damaged status Not for loan Permanent Location Current Location Date acquired Total Checkouts Full call number Barcode Date last seen Date last checked out Price effective from Koha item type
        Central Library (CL) Central Library (CL) 08/28/2013 1 330.95491 GOV NBS5473 05/18/2019 04/24/2019 08/28/2013 Reference
© 2023 Central Library, National University of Sciences and Technology. All Rights Reserved.